Asomor itihash (Record no. 11302)
[ view plain ]
| 000 -LEADER | |
|---|---|
| fixed length control field | 00509nam a22001817a 4500 |
| 005 - DATE AND TIME OF LATEST TRANSACTION | |
| control field | 20260515114920.0 |
| 008 - FIXED-LENGTH DATA ELEMENTS--GENERAL INFORMATION | |
| fixed length control field | 220601b ||||| |||| 00| 0 eng d |
| 040 ## - CATALOGING SOURCE | |
| Original cataloging agency | IN-DiNC |
| Transcribing agency | IN-DiNC |
| 041 ## - LANGUAGE CODE | |
| Language code of sung or spoken text | asm |
| 082 ## - DEWEY DECIMAL CLASSIFICATION NUMBER | |
| Classification number | 954.162 |
| Item number | HUS |
| 100 ## - MAIN ENTRY--PERSONAL NAME | |
| Personal name | Hussain, Tasadduque Amanul |
| Relator term | author |
| 245 ## - TITLE STATEMENT | |
| Title | Asomor itihash |
| Statement of responsibility, etc. | By Tasadduque Amanul Hussain |
| Remainder of title | adhunik yog 1826-1947 |
| 250 ## - EDITION STATEMENT | |
| Edition statement | 1st ed. |
| 260 ## - PUBLICATION, DISTRIBUTION, ETC. | |
| Place of publication, distribution, etc. | Dibrugarh: |
| Name of publisher, distributor, etc. | Banalata, |
| Date of publication, distribution, etc. | 2021. |
| 300 ## - PHYSICAL DESCRIPTION | |
| Extent | 207p. |
| 650 ## - SUBJECT ADDED ENTRY--TOPICAL TERM | |
| Topical term or geographic name entry element | History of modern assam |
| 942 ## - ADDED ENTRY ELEMENTS (KOHA) | |
| Source of classification or shelving scheme | Dewey Decimal Classification |
| Koha item type | Books |
| Withdrawn status | Lost status | Source of classification or shelving scheme | Damaged status | Not for loan | Collection | Home library | Current library | Shelving location | Date acquired | Cost, normal purchase price | Total checkouts | Full call number | Barcode | Date last seen | Date last checked out | Copy number | Price effective from | Koha item type |
|---|---|---|---|---|---|---|---|---|---|---|---|---|---|---|---|---|---|---|
| Dewey Decimal Classification | Naharkatiya College Library | Naharkatiya College Library | General stacks | 06/01/2022 | 250.00 | 14 | 954.162 | 28912 | 09/01/2025 | 08/20/2025 | 1 | 06/01/2022 | Books | |||||
| Dewey Decimal Classification | Naharkatiya College Library | Naharkatiya College Library | General stacks | 06/01/2022 | 250.00 | 18 | 954.162 | 28913 | 11/17/2025 | 10/31/2025 | 2 | 06/01/2022 | Books | |||||
| Dewey Decimal Classification | Naharkatiya College Library | Naharkatiya College Library | General stacks | 06/01/2022 | 250.00 | 4 | 954.162 | 28914 | 02/13/2024 | 01/25/2024 | 3 | 06/01/2022 | Books | |||||
| Dewey Decimal Classification | Naharkatiya College Library | Naharkatiya College Library | General stacks | 01/21/2023 | 250.00 | 6 | 954.162 HUS | 29227 | 03/04/2025 | 02/18/2025 | 4 | 01/21/2023 | Books | |||||
| Dewey Decimal Classification | Naharkatiya College Library | Naharkatiya College Library | General stacks | 01/21/2023 | 250.00 | 4 | 954.162 HUS | 29228 | 06/06/2024 | 05/10/2024 | 5 | 01/21/2023 | Books | |||||
| Dewey Decimal Classification | Naharkatiya College Library | Naharkatiya College Library | General stacks | 01/21/2023 | 250.00 | 12 | 954.162 HUS | 29229 | 10/14/2025 | 10/14/2025 | 6 | 01/21/2023 | Books |